|
|
|
|
| LEADER |
00000nam a2200000 a 4500 |
| 001 |
vtls001458110 |
| 003 |
SK-MaSNL |
| 005 |
20260425231202.0 |
| 008 |
240313s2002 xo ab slo |
| 015 |
|
|
|a SNBA2003/12-04810
|
| 020 |
|
|
|a 8071643491
|
| 035 |
|
|
|a SNK000413417
|
| 035 |
|
|
|a urn:nbn:sk:snk-amygz5
|
| 035 |
|
|
|a urn:nbn:sk:snk-am00cjt3
|
| 035 |
|
|
|a F9E15860-1C45-49A3-9D82-31A93F6BC39D
|
| 040 |
|
|
|a SNK
|b slo
|c SNK
|e AACR2
|
| 041 |
0 |
|
|a slo
|
| 043 |
|
|
|a e-xo---
|
| 044 |
|
|
|a xo
|c SK
|
| 072 |
|
7 |
|a 371
|x Školstvo (organizácia)
|2 konspekt
|
| 072 |
|
7 |
|a 93/94
|x Dejiny (všeobecne)
|2 konspekt
|
| 080 |
|
|
|a 371.3
|2 1981
|
| 080 |
|
|
|a 94(437.6)
|2 1981
|
| 080 |
|
|
|a (072)
|2 1981
|
| 080 |
|
|
|a 37.0
|2 1981
|
| 100 |
1 |
|
|a Beňková, Justína
|4 aut
|9 11251
|
| 245 |
1 |
|
|a Škola hrou
|b (odborno-metodické materiály k vyučovaniu regionálnych dejín rôznymi metódami, formami práce určené učiteľom a žiakom (nielen) bratislavských škôl)
|c Justína Beňková, Terézia Ftoreková
|
| 250 |
|
|
|a 3.vyd.
|
| 260 |
|
|
|a Bratislava
|b Metodicko-pedagogické centrum mesta Bratislavy
|c 2002
|
| 300 |
|
|
|a [186] s.
|b ilustr., mp.
|c 30 cm
|
| 500 |
|
|
|a Materiály prelepené páskou
|
| 504 |
|
|
|a Bibliogr. odkazy
|
| 650 |
0 |
7 |
|a výchova a vzdelávanie
|2 SNKPH
|9 1684
|
| 650 |
0 |
7 |
|a vyučovacie metódy
|2 SNKPH
|9 1521
|
| 651 |
|
7 |
|a Bratislava (Slovensko)
|2 SNKPH
|9 14568
|
| 655 |
|
7 |
|a metodické príručky
|2 SNKPH
|9 70250
|
| 700 |
1 |
|
|a Ftoreková, Terézia,
|d 1938-
|4 aut
|9 39423
|
| 919 |
|
|
|a 80-7164-349-1
|
| 968 |
|
|
|d 37
|
| 999 |
|
|
|c 697167
|d 699097
|
| 952 |
|
|
|t P60, <03>, [BOOK], {603}
|a SNK
|b SNK
|y PREZ
|7 0
|p 17A0393069
|o snkSB 67072
|i snkKSP 9872/2003
|0 0
|1 0
|4 0
|d 2003-08-07
|f 1
|l 0
|r 2025-04-23 00:00:00
|w 2026-02-23
|
| 952 |
|
|
|t P60, <04>, [BOOK], {604}
|a SNK
|b SNK
|y VYP
|7 0
|p 17A0393068
|o snkSB 67072 D1
|i snkKSP 9873/2003
|0 0
|1 0
|4 0
|d 2003-08-07
|l 0
|r 2005-01-02 00:00:00
|w 2026-02-23
|